Car Models by Picture #9 - Statistics

General Stats
  • This quiz has been taken 167 times
  • The average score is 7 of 12
Answer Stats
Picture Hint Answer % Correct
Tesla Model S
89%
Mazda MX-5
86%
Jeep Wrangler
79%
McLaren Senna
76%
Cadillac Escalade
72%
Nissan 370Z
66%
Chevrolet Silverado
62%
DeLorean DMC-12
55%
Porsche 944
43%
Volkswagen Corrado
38%
Morris Minor
32%
Volvo 850
25%
No matching quizzes found
Score Distribution
Percent of People with Each Score
Percentile by Number Answered
Your Score History
You have not taken this quiz